La familia de Máximo Grullón Salcedo : (Registro nro. 14858)

Detalles MARC
000 -LIDER
fixed length control field 01594nam a2200313 a 4500
001 - NÚMERO DE CONTROL
Identificador de número de control 000004734
003 - IDENTIFICACDOR DE NÚMERO DE CONTROL
control field DO-SdBPM
005 - DATE AND TIME OF LATEST TRANSACTION
control field 20241112092836.0
008 - ELEMENTOS DE LONGITUD FIJA
fixed length control field 090725s1997 dr c r 001 0dspa d
020 ## - ISBN
International Standard Book Number 8489548250
040 ## - FUENTE DE CATALOGACIÓN
Agencia que crea de manera original el registro DO-SdBPM
Idioma de catalogación spa
Agencia que realiza la transcripción BPMSU
082 #4 - NÚMERO DE CLASIFICACIÓN DECIMAL DE DEWEY
Classification number 929.2
Item number G923c 1997
Edition number 22
100 1# - ASIENTO PRINCIPAL -- NOMBRE PERSONAL
Nombre personal Campillo Pérez, Julio G.,
Fechas asociadas con el nombre 1922-
245 13 - MENCIÓN DE TITULO
Título La familia de Máximo Grullón Salcedo :
Subtítulo prócer de la restauración nacional /
Mención de responsabilidad Julio G. Campillo Pérez ; prólogo José Alcántara Almánzar.
260 ## - PUBLICACIÓN, DISTRIBUCIÓN, ETC. (PIE DE IMPRENTA)
Lugar de publicación, distribución, etc Santo Domingo :
Nombre del editor, distribuidor, etc. Instituto Dominicano de Genealogía,
Fecha de publicación, distribución, etc 1997.
300 ## - DESCRIPCIÓN FÍSICA
Extensión 402 p. :
Otros detalles físicos retr. ;
Dimensiones 24 cm.
490 0# - MENCIÓN DE SERIES
Mención de serie Instituto Dominicano de Genealogía,
Volume/sequential designation 6
500 ## - NOTA GENERAL
Nota general Incluye referencias bibliográficas y notas al pie de las páginas.
505 0# - NOTA DE CONTENIDO
Título Prólogo --
-- El apellido Grullón --
-- Familia Grullón-Inoa --
-- Familia Grullón-Grullón --
-- Familia Grullón-Salcedo --
-- Familia Grullón-Figueroa --
-- Familia Salcedo --
-- Familia Grullón-Julia --
-- Familias Julia --
-- Familia Grullón-Ricardo --
-- Familia Ponce de León-Grullón --
-- Familia Llompart-Grullón --
-- Eliseo y Emilio Grullón-Julia --
-- Familia Grullón-Rodríguez Objio --
-- Manuel Franco --
-- Índice onomástico.
590 ## - NOTA LOCAL
Texto de la nota local Inventariado, 2024/VM
600 14 - ENCABEZAMIENTO DE MATERIA--NOMBRE PERSONAL
Nombre personal Grullón Salcedo, Máximo,
Fechas asociadas con el nombre 1826-1878
650 #4 - ENCABEZAMIENTO DE MATERIA--TEMÁTICO
Término temático o nombre geográfico como elemento de entrada Grullón (familia)
Subdivisión temática general Genealogía
650 #4 - ENCABEZAMIENTO DE MATERIA--TEMÁTICO
Término temático o nombre geográfico como elemento de entrada Parentesco
651 #4 - ENCABEZAMIENTO DE MATERIA--NOMBRE GEOGRÁFICO
Nombre geográfico República Dominicana
Subdivisión temática general Genealogía
700 1# - ASIENTO SECUNDARIO -- NOMBRE PERSONAL
Nombre personal Alcántara Almánzar, José,
Mención de responsabilidad prólogo
710 1# - ASIENTO SECUNDARIO -- NOMBRE CORPORATIVO
Nombre corporativo o de jurisdicción Instituto Dominicano de Genealogía
910 ## - VALIDACIÓN
Validación VMateo V. Control de calidad.BPMSU
942 ## - ADDED ENTRY ELEMENTS (KOHA)
Source of classification or shelving scheme Dewey Decimal Classification
Koha item type Libros
Existencias
Withdrawn status Lost status Source of classification or shelving scheme Damaged status Not for loan Collection code Home library Current library Date acquired Total Checkouts Full call number Barcode Date last seen Price effective from Koha item type Copy number
    Dewey Decimal Classification     Colección Dominicana Biblioteca Pública Metropolitana Salomé Ureña Biblioteca Pública Metropolitana Salomé Ureña 11/12/2024   BPMS CD 929.2 G923c 1997 BPMSU24110021 11/12/2024 11/12/2024 Libros  
    Dewey Decimal Classification     Colección Dominicana Biblioteca Pública Metropolitana Salomé Ureña Biblioteca Pública Metropolitana Salomé Ureña 11/12/2024   BPMS CD 929.2 G923c 1997 BPMSU26020029 02/03/2026 11/12/2024 Libros e.2